| 000 | 00817nam a2200241Ia 4500 | ||
|---|---|---|---|
| 003 | OSt | ||
| 005 | 20220926022235.0 | ||
| 006 | a|||||r|||| 00| 0 | ||
| 007 | ta | ||
| 008 | 220923b |||||||| |||| 00| 0 eng d | ||
| 037 | _cGeneral Book | ||
| 040 |
_aRTL _cRTL _beng |
||
| 041 |
_2eng _aeng |
||
| 082 | _aVIN45,933:8.N76r, L6,9/UN | ||
| 110 |
_aUNITED NATIONS, JOINT STAFF PENSION BOARD, GENERAL ASSEMBLY , OFFICIAL RECORDS:31st SESSION _9327589 |
||
| 245 | 0 | _aReport | |
| 260 |
_aNew York _bUnited Nations _c1976 |
||
| 300 |
_aiv,69p _ccm. |
||
| 500 | _aSupplement no. 9(A/31/9) | ||
| 700 |
_aUNITED NATIONS, JOINT STAFF PENSION BOARD, GENERAL ASSEMBLY , OFFICIAL RECORDS:31st SESSION _9327590 |
||
| 942 |
_hVIN45,933:8.N76r, L6,9/UN _cGB _2CC |
||
| 999 |
_c638987 _d638987 |
||